000
00303nam a2200109Ia 4500
008
171204s9999 xx 000 0 und d
245
_a
Markets and Morals?:
245
_c
E. Skidelsky
260
_c
2014
650
_x
CAPITAL AND SECURITIES MARKET
856
_u
http://down.ebook777.com/046/1137472731.pdf
999
_c
345686
_d
345686